000 00749nam a22002177a 4500
999 _c14116
_d14116
003 AR-CdUCM
008 190422b ||||| |||| 00| 0 spa d
040 _aMUNICIPALIDAD PROVINCIAL DEL CUSCO
_cBIBLIOTECA MUNICIPAL DEL CUSCO
082 _a869.56 /
_bAG32
100 _aAguilar, Pablo
_932783
245 _aEstos huesos sin tregua /
260 _aLima :
_bTalleres Graficos P.L. Villanueva,
_c1965.
300 _a168 paginas ;
_bilustraciones,
_c25 cm.
500 _aDeedicatoria a Luis Nieto
505 _aContenido: El clariny sus cantos profundos -- retornando a mi tierra -- estos huesos sin tregua ..
650 _aLiteratura
_983
650 _aHistoria
_9136
650 _aPerĂº
_935
942 _2ddc
_cLIBROS
945 _apjha
_d2019-04-22